00471nam a2200157Ia 4500001000500000005001700005008004100022041000800063082001500071100003000086245014400116260000900260300002800269650000800297654000800305454620260306145804.0260306t2017||||xx |||||||||||||| ||spa|| aESP a324.6bC25 aCandia Aguilar, OmareAUT 0aElecciones y legitimidad origen y representatividad, en los distritos de la provincia de Arequipa, elecciones municipales 2006, 2010 y 2014 c2017 a290 páginas :c21 cm. aGEN aCDE